000 00674nam a22001937a 4500
005 20140520112159.0
010 _aB-521118-144
020 _a9789380028989
_c195.00
035 _aB-521118-144
037 _adpl
_bBlueberry/Ven
082 _aS
100 _aSisodia, Abhimanyu Singh
245 _aRavana: roar of the demon king/
_cby Abhimanyu Singh Sisodia
260 _aNew Delhi
_bKalyani Navyug Media
_c2011
270 _a101 C, Shiv House, Hari Nagar Ashram
_bNew Delhi
_e110014
300 _a100p.:
_bcol.ill.
_c25cm(pbk)
942 _2ddc
_cCH
_hS
_mSIS
999 _c84330
_d84330